| 000 | 00744nam a2200229 i 4500 | ||
|---|---|---|---|
| 001 | bg | ||
| 100 | 1 | _aSALAMAK, Marek | |
| 245 | 1 | 0 |
_aAutoCAD : _bBestCAD : budowlane konstrukcje betonowe i stalowe / _cMarek Salamak, Adam Silarski. |
| 260 |
_aGliwice : _b"Helion", _ccop. 2001. |
||
| 300 |
_a320 s. : _bil. ; _c24 cm + + _eCD ROM. |
||
| 521 | _aDla studentów i inżynierów specjalizuących się w przemysłowych i mostowych konstrukcjach stalowych i żelbetonowych. | ||
| 650 | 9 | _aBestCAD | |
| 655 | _aPodręczniki | ||
| 700 | 1 | _aSILARSKI, Adam | |
| 020 | _a8371974507 | ||
| 040 | _cBPK | ||
| 041 | 0 | _apol | |
| 080 | _a004.42:624.01/.07](07) | ||
| 920 | _a83-7197-450-7 | ||
| 942 | _cKS | ||
| 008 | s pl f |000 0 pol | ||
| 999 |
_c44320 _d44320 |
||
| 856 |
_uhttp://koha.tu.koszalin.pl/cgi-bin/koha/opac-detail.pl?biblionumber=44320 _yKatalog online BPK |
||